| 000 | 00553 a2200157 4500 | ||
|---|---|---|---|
| 020 | _a 8178086514 | ||
| 040 |
_aDLC _bDLC |
||
| 082 | _a510 | ||
| 100 | _aGrimaldi, Ralph P. | ||
| 245 |
_a Discrete and combinatorial mathematics: an applied introduction _can applied introduction _h Ralph P, Grimaldi. |
||
| 260 |
_aSingapore: _bPearson Education Pte. Ltd., _c1999. |
||
| 300 |
_a xix, 791 p. : _b ill. ; _c 25 cm. |
||
| 500 | _aIncludes Index | ||
| 650 | _a1.Mathematics.2.Computer science--Mathematics.3.Combinatorial analysis. | ||
| 942 |
_cBK _k511 GRI _2ddc |
||
| 999 |
_c7445 _d7445 |
||